[Event "LUX-chT 2016/17"]
[Site "Luxembourg"]
[Date "2017.01.15"]
[Round "6"]
[White "Sabotic, Rameza"]
[Black "Hoffmann, Mathieu"]
[Result "0-1"]
[WhiteElo "1809"]
[BlackElo "1857"]
[PlyCount "40"]
[EventDate "2016.09.25"]
[EventType "team-tourn"]
[EventRounds "10"]
[EventCountry "LUX"]
[SourceTitle "EXT 2018"]
[Source "ChessBase"]
[SourceDate "2017.10.13"]
[SourceVersion "1"]
[SourceVersionDate "2017.10.13"]
[SourceQuality "1"]

1. e4 c5 2. a3 d6 3. Bc4 Nf6 4. d3 e6 5. Nf3 Be7 6. e5 dxe5 7. Nxe5 0-0 8. Nc3 Qd4 9. Nf3 Qg4 10. g3 a6 11. h3 Qh5 12. Qe2 b5 13. Ba2 Bb7 14. Ne4 Nbd7 15. Bd2 Ne5 16. Bc3 Nxf3+ 17. Kd1 Nxe4 18. dxe4 Rad8+ 19. Kc1 Bg5+ 20. Kb1 Nd2+ 0-1